000 00338 a2200169 4500
001 183449
020 _a978-85-08-04075-9
040 _cMagnum
100 _aAzevedo, Aluísio
240 1 0 _aO mulato
_lpor
245 1 0 _aO mulato
300 _a247
362 0 _a2008
440 1 _aÁtica
697 _aLITERATURA GERAL
942 _cBK
999 _c183449
_d183449